000 00507nam a2200193Ia 4500
005 20250508150656.0
008 008 250505s9999 xx 000 0 eng d
037 _aTextual
040 _aFEDL
_beng
_cFEDL
041 _aeng
_2eng
084 _a150, PSY
_qFEDL
245 0 _aPsychology: The study of man's mind
260 _aLondon, UK
_bOdhams Press Limited
300 _a383p.
365 _aINR
_b9.12
650 _aPsychology
942 _cTEXL
_h150, PSY
999 _c1324978
_d1324978